| 000 | 03019nam a22003017a 4500 | ||
|---|---|---|---|
| 003 | OSt | ||
| 005 | 20251024111555.0 | ||
| 007 | cr ||||||a|c|a | ||
| 008 | 240319s2019 mx ||||fom||| 001 0 spa d | ||
| 040 | _erda | ||
| 100 | 1 |
_9129221 _aAguirre López, Juan Manuel |
|
| 245 | 1 |
_aAnálisis de redes sociales en la agricultura : _bel máiz en México / _cpor Juan Manuel Aguirre López; director Ignacio Caamal Cauich |
|
| 264 | 1 |
_aChapingo, México : _bEl autor, _c2019 |
|
| 300 |
_a1 recurso en línea (114 páginas): _bcuadros, figuras |
||
| 336 |
_2rdacontent _atexto _btxt |
||
| 337 |
_2rdamedia _acomputadora _bc |
||
| 338 |
_2rdacarrier _arecurso en línea _bcr |
||
| 502 |
_bDCEA _cDICEA _d2019 _gDOC |
||
| 504 | _aIncluye referencias bibliográficas: páginas 11, 31, 85 | ||
| 520 | _aEl maíz en México juega un papel histórico preponderante en su agricultura. El objetivo de la presente investigación fue aplicar el análisis de redes sociales al estudio de la adopción de innovaciones entre pequeños productores de maíz y, el comercio mundial del grano. Con el fin de comprender la influencia de la red en las decisiones de adopción del productor y, la evolución global en sus intercambios comerciales. Esto se realizó integrando dos estudios: el primero, abordó los patrones de adopción de prácticas de agricultura de conservación de pequeños productores de maíz en el estado de Chiapas, México; y el segundo, analizó los flujos del comercio mundial del maíz. Para ello, la información fue obtenida de entrevistas a productores de maíz y, de bases de datos de exportación e importación del grano en dos momentos de análisis, 2005 y 2016. Los resultados indicaron, por un lado, qué, en el proceso de adopción de prácticas de agricultura de conservación los productores toman decisiones interrelacionadas, afectadas por la estructura de la red y los atributos individuales; y por el otro, las redes del comercio global del maíz de los años analizados tuvieron cambios notables en sus estructuras, tanto el número de países involucrados, como en el nivel de interacción entre los mismos que aumentó, por lo que el valor de la densidad pasó de 27.2% a 35.7%. Posicionándose Estados Unidos y México como país líder exportador e importador, respectivamente. Se concluye que el análisis de redes sociales permitió comprender la afiliación de los productores con diferentes agentes fuentes de información y los cambios en los flujos del comercio global del maíz. Es así, como este análisis puede aplicarse a diferentes áreas de la agricultura desde perspectivas diferentes. | ||
| 650 | 4 |
_9135122 _aMaíz _xInnovaciones tecnológicas _zMéxico |
|
| 650 | 4 |
_971007 _aMaíz _xMercadeo |
|
| 650 | 4 |
_971041 _aMaíz _xProducción |
|
| 650 | 7 |
_9188911 _aMaíz _xRedes de valor |
|
| 700 | 1 |
_aCaamal Cauich, Ignacio _eDirector _916527 |
|
| 856 |
_uhttp://10.13.5.2/tesis/td/AGUIRRE_LOPEZ_JUANMANUEL.pdf _zDESCARGAR PDF |
||
| 942 |
_2Clasificación Universidad Autónoma Chapingo _cTD |
||
| 999 |
_c219822 _d219822 |
||